<?xml version="1.0" encoding="UTF-8"?><?xml-stylesheet type="text/xsl" href="static/style.xsl"?><OAI-PMH xmlns="http://www.openarchives.org/OAI/2.0/" xmlns:xsi="http://www.w3.org/2001/XMLSchema-instance" xsi:schemaLocation="http://www.openarchives.org/OAI/2.0/ http://www.openarchives.org/OAI/2.0/OAI-PMH.xsd"><responseDate>2026-04-27T13:11:20Z</responseDate><request verb="GetRecord" identifier="oai:uvadoc.uva.es:10324/41509" metadataPrefix="marc">https://uvadoc.uva.es/oai/request</request><GetRecord><record><header><identifier>oai:uvadoc.uva.es:10324/41509</identifier><datestamp>2021-06-30T03:07:26Z</datestamp><setSpec>com_10324_38</setSpec><setSpec>col_10324_852</setSpec></header><metadata><record xmlns="http://www.loc.gov/MARC21/slim" xmlns:doc="http://www.lyncode.com/xoai" xmlns:xsi="http://www.w3.org/2001/XMLSchema-instance" xmlns:dcterms="http://purl.org/dc/terms/" xsi:schemaLocation="http://www.loc.gov/MARC21/slim http://www.loc.gov/standards/marcxml/schema/MARC21slim.xsd">
<leader>00925njm 22002777a 4500</leader>
<datafield tag="042" ind1=" " ind2=" ">
<subfield code="a">dc</subfield>
</datafield>
<datafield tag="720" ind1=" " ind2=" ">
<subfield code="a">Ramos Cámara, Alba</subfield>
<subfield code="e">author</subfield>
</datafield>
<datafield tag="260" ind1=" " ind2=" ">
<subfield code="c">2019</subfield>
</datafield>
<datafield tag="520" ind1=" " ind2=" ">
<subfield code="a">El propósito de este trabajo de fin de grado es resaltar la importancia de los rincones de aprendizaje en el último curso de Educación Infantil. En el presente documento se trata la planificación, elaboración y puesta en práctica de este tipo de dinámica, presentando propuestas y orientaciones metodológicas desde un punto de vista funcional y lúdico, conociendo los principales exponentes del método y los orígenes de la “Escuela Nueva”, contemplando una propuesta de intervención en el aula partiendo de una realidad concreta, el trabajo por rincones y la elección de los mismos según el criterio de cada maestro/a en su aula. Reflejaremos la selección y elaboración de materiales, el rol guía y dinamizador del docente y las observaciones del proceso. El objetivo es que los niños y niñas, basándonos en el constructivismo, sean los protagonistas de su propio aprendizaje, adquiriendo nuevos conocimientos a través de la acción y el juego.</subfield>
</datafield>
<datafield tag="024" ind2=" " ind1="8">
<subfield code="a">http://uvadoc.uva.es/handle/10324/41509</subfield>
</datafield>
<datafield tag="245" ind1="0" ind2="0">
<subfield code="a">La importancia del trabajo por rincones de aprendizaje en el último curso de la Etapa de Educación Infantil: elección de los mismos y elaboración de materiales</subfield>
</datafield>
</record></metadata></record></GetRecord></OAI-PMH>